Studium hinter Gittern: Inhaftierte studieren and der Fernuniversität Hagen : ein Bericht aus der JVA Geldern
| Autor principal: | |
|---|---|
| Tipo de documento: | Print Artículo |
| Lenguaje: | Alemán |
| Publicado: |
1990
|
| En: |
Zeitschrift für Strafvollzug und Straffälligenhilfe
Año: 1990, Volumen: 39, Número: 2, Páginas: 84-89 |
| Availability in Albert-Krebs Library: | Z.01 24.1975 - 55.2006 |
| Verificar disponibilidad: | HBZ Gateway |
| Palabras clave: |
MARC
| LEADER | 00000caa a2200000 c 4500 | ||
|---|---|---|---|
| 001 | 1637966997 | ||
| 003 | DE-627 | ||
| 005 | 20221011151110.0 | ||
| 007 | tu | ||
| 008 | 140425s1990 xx ||||| 00| ||ger c | ||
| 035 | |a (DE-627)1637966997 | ||
| 035 | |a (DE-576)404505155 | ||
| 035 | |a (DE-599)BSZ404505155 | ||
| 040 | |a DE-627 |b ger |c DE-627 |e rakwb | ||
| 041 | |a ger | ||
| 084 | |a 2,1 |2 ssgn | ||
| 100 | 1 | |a Ink, Aloys |4 aut | |
| 245 | 1 | 0 | |a Studium hinter Gittern |b Inhaftierte studieren and der Fernuniversität Hagen : ein Bericht aus der JVA Geldern |c Aloys Ink |
| 264 | 1 | |c 1990 | |
| 336 | |a Text |b txt |2 rdacontent | ||
| 337 | |a ohne Hilfsmittel zu benutzen |b n |2 rdamedia | ||
| 338 | |a Band |b nc |2 rdacarrier | ||
| 650 | 4 | |a Strafgefangener |x Hochschulstudium |7 (dpeaa)DE-2619 | |
| 650 | 4 | |a Strafvollzug |x Aus- und Weiterbildung |7 (dpeaa)DE-2619 | |
| 650 | 4 | |a Strafvollzug |7 (dpeaa)DE-2619 | |
| 650 | 4 | |a Strafgefangener |7 (dpeaa)DE-2619 | |
| 650 | 4 | |a Fernstudium |7 (dpeaa)DE-2619 | |
| 650 | 4 | |a Schulische Bildung |7 (dpeaa)DE-2619 | |
| 773 | 0 | 8 | |i In |t Zeitschrift für Strafvollzug und Straffälligenhilfe |d Wiesbaden : Ges. für Fortbildung der Strafvollzugsbediensteten, 1975 |g 39(1990), 2, Seite 84-89 |w (DE-627)130166723 |w (DE-600)519517-2 |w (DE-576)015709817 |x 0342-3514 |7 nnas |
| 773 | 1 | 8 | |g volume:39 |g year:1990 |g number:2 |g pages:84-89 |
| 935 | |a mkri | ||
| 951 | |a AR | ||
| AKB | |a 24.1975 - 55.2006 |b Z.01 | ||
| ELC | |b 1 | ||
| LOK | |0 000 xxxxxcx a22 zn 4500 | ||
| LOK | |0 001 3296877096 | ||
| LOK | |0 003 DE-627 | ||
| LOK | |0 004 1637966997 | ||
| LOK | |0 005 20250620150205 | ||
| LOK | |0 008 140425||||||||||||||||ger||||||| | ||
| LOK | |0 040 |a DE-21-110 |c DE-627 |d DE-21-110 | ||
| LOK | |0 689 |a s |a Gefangene | ||
| LOK | |0 689 |a s |a Hochschulstudium | ||
| LOK | |0 852 |a DE-21-110 | ||
| LOK | |0 852 1 |m p |9 00 | ||
| LOK | |0 935 |a k110 | ||
| LOK | |0 938 |k p | ||
| LOK | |0 939 |a 25-04-14 |b l01 | ||
| LOK | |0 000 xxxxxcx a22 zn 4500 | ||
| LOK | |0 001 4196286046 | ||
| LOK | |0 003 DE-627 | ||
| LOK | |0 004 1637966997 | ||
| LOK | |0 005 20221011151110 | ||
| LOK | |0 008 221011||||||||||||||||ger||||||| | ||
| LOK | |0 035 |a (DE-2619)p00394 | ||
| LOK | |0 040 |a DE-2619 |c DE-627 |d DE-2619 | ||
| LOK | |0 092 |o n | ||
| LOK | |0 852 |a DE-2619 | ||
| LOK | |0 852 1 |m p |9 00 | ||
| LOK | |0 935 |a kreb | ||
| LOK | |0 938 |k p | ||
| LOK | |0 939 |a 11-10-22 |b l01 | ||
| ORI | |a SA-MARC-krimdoka001.raw | ||
